Halifax House Price Index (Record no. 110747)

MARC details
000 -LEADER
fixed length control field 00942cad a22002055a 4500
001 - CONTROL NUMBER
control field L150136
008 - FIXED-LENGTH DATA ELEMENTS--GENERAL INFORMATION
fixed length control field 100604s20100304xxk f 000 0 eng d
035 ## - SYSTEM CONTROL NUMBER
System control number (Sirsi) u150136
041 0# - LANGUAGE CODE
Language code of text/sound track or separate title eng
050 04 - LIBRARY OF CONGRESS CALL NUMBER
Classification number 333.33 $2 18
110 2# - MAIN ENTRY--CORPORATE NAME
Corporate name or jurisdiction name as entry element Lloyds Banking Group
9 (RLIN) 5822
245 00 - TITLE STATEMENT
Title Halifax House Price Index
Remainder of title February 2010
Medium [electronic resource]
260 ## - PUBLICATION, DISTRIBUTION, ETC.
Place of publication, distribution, etc. London
Name of publisher, distributor, etc. Lloydsbankinggroup
Date of publication, distribution, etc. 2010
520 ## - SUMMARY, ETC.
Summary, etc. United Kingdom house prices fell by 1.5% in February 2010, the first decrease since June 2009. Despite the fall, house prices in February were 4% higher than in February 2009 and are 8% higher than the low reach reached in April 2009.
590 ## - LOCAL NOTE (RLIN)
Local note KA
651 #4 - SUBJECT ADDED ENTRY--GEOGRAPHIC NAME
Geographic name United Kingdom
Chronological subdivision
690 ## - LOCAL SUBJECT ADDED ENTRY--TOPICAL TERM (OCLC, RLIN)
Topical term or geographic name as entry element PROPERTY-RESIDENTIAL PROPERTY-RESIDENTIAL PROPERTY MARKET
856 48 - ELECTRONIC LOCATION AND ACCESS
Uniform Resource Identifier <a href="https://www.lloydsbankinggroup.com/media/pdfs/research/2010/HousePriceIndexFeb2010.pdf">https://www.lloydsbankinggroup.com/media/pdfs/research/2010/HousePriceIndexFeb2010.pdf</a>
Public note View this item free of charge at www.lloydsbankinggroup.com
942 ## - ADDED ENTRY ELEMENTS (KOHA)
Suppress in OPAC 0
Holdings
Withdrawn status Lost status Source of classification or shelving scheme Damaged status Not for loan Home library Current library Shelving location Date acquired Total Checkouts Full call number Barcode Date last seen Copy number Price effective from Koha item type
    Dewey Decimal Classification     Virtual Virtual Online 07/06/2010   ONLINE PUBLICATION 150136-2001 06/08/2019 1 06/08/2019 Book